All warzone weapons - Statistics

General Stats
  • This quiz has been taken 85 times
  • The average score is 26 of 154
Answer Stats
Hint Answer % Correct
Vanguard Sniper Kar
75%
Modern Warfare Marksman KAR
75%
Cold War SMG | Modern Warfare SMG MP5
70%
Modern Warfare AR M4A1
51%
Vanguard smg Mp40
48%
Modern Warfare SMG MP7
48%
Cold War AR Ak
46%
Modern Warfare Sniper HDR
41%
Cold War Launchers | Modern Warfare Launcher RPG
41%
Modern Warfare Sniper AX-50
39%
Modern Warfare AR Kilo
38%
Modern Warfare AR Grau
36%
Modern Warfare AR AMAX
34%
Cold War SMG Mac 10
34%
Cold War Pistol | Modern Warfare Pistol | Vanguard Pistol 1911
33%
Modern Warfare LMG Bruen
33%
Modern Warfare AR M13
33%
Cold War Sniper Swiss
33%
Modern Warfare Marksman SPR
31%
Vanguard smg Blixen
30%
Cold War Tactical Rifles M16
30%
Cold War SMG | Vanguard smg PPSH
26%
Vanguard AR Stg
26%
Modern Warfare Pistol Renetti
25%
Cold War Tactical Rifles DMR
23%
Cold War AR FFAR
23%
Vanguard smg Marco
23%
Vanguard smg Sten
23%
Modern Warfare AR Ak47
21%
Cold War Tactical Rifles | Modern Warfare SMG AUG
21%
Vanguard AR Cooper
21%
Cold War Pistol Diamatti
21%
Modern Warfare SMG ISO
21%
Modern Warfare SMG Uzi
21%
Vanguard LMG Bren
20%
Modern Warfare Marksman EBR
20%
Modern Warfare AR FAL
20%
Modern Warfare Launcher JOKR
20%
Modern Warfare Pistol M19
20%
Cold War SMG OTS 9
20%
Modern Warfare AR Ram
20%
Modern Warfare AR Scar
20%
Modern Warfare SMG Striker
20%
Cold War Sniper Tundra
20%
Modern Warfare AR AS VAL
18%
Modern Warfare SMG CX-9
18%
Cold War SMG LC10
18%
Modern Warfare AR Oden
18%
Vanguard smg Owen gun
18%
Modern Warfare SMG P90
18%
Modern Warfare Launcher PILA
18%
Cold War AR XM4
18%
Cold War SMG AK-74
16%
Modern Warfare SMG Bizon
16%
Cold War SMG Bullfrog
16%
Modern Warfare Marksman Carbine
16%
Cold War AR Fara
16%
Modern Warfare LMG Finn
16%
Modern Warfare AR FR
16%
Modern Warfare Shotgun JAK 12
16%
Cold War AR Krig
16%
Modern Warfare LMG PKM
16%
Modern Warfare Launcher Strela
16%
Cold War LMG MG82
15%
Cold War SMG Milano
15%
Modern Warfare Shotgun Origin 12
15%
Cold War Sniper Pellington
15%
Modern Warfare Pistol Sykov
15%
Vanguard smg Welgun
15%
Modern Warfare AR AN94
13%
Vanguard smg Armaguerra
13%
Modern Warfare Marksman Crossbow
13%
Cold War Shotgun Gallo
13%
Modern Warfare LMG Holger
13%
Modern Warfare Pistol 357
11%
Modern Warfare Pistol 50 gs
11%
Vanguard Shotgun Combat
11%
Cold War SMG Nailgun
11%
Modern Warfare Marksman SKS
11%
Cold War Shotgun Streetsweeper
11%
Vanguard smg Type 100
11%
Modern Warfare Shotgun 725
10%
Vanguard AR Automaton
10%
Vanguard Shotgun Double
10%
Vanguard AR NZ-41
10%
Modern Warfare LMG RAAL
10%
Cold War LMG RPD
10%
Modern Warfare LMG SA87
10%
Modern Warfare Pistol x16
10%
Cold War Pistol AMP
8%
Vanguard AR Bar
8%
Cold War AR EM2
8%
Cold War SMG Lapa
8%
Cold War Sniper M82
8%
Cold War Pistol Magnum
8%
Modern Warfare Shotgun Model 680
8%
Vanguard Launcher Panzerfaust
8%
Cold War LMG Stoner
8%
Cold War Sniper ZRG
8%
Vanguard Sniper 3 line
7%
Vanguard Sniper Anti-tank
7%
Cold War AR C58
7%
Cold War Launchers Cigma
7%
Modern Warfare Launcher Grenade Launcher
7%
Cold War AR Groza
7%
Cold War Shotgun Hauer
7%
Cold War Shotgun Ironhide
7%
Vanguard AR Kg
7%
Cold War SMG Ksp
7%
Cold War LMG M60
7%
Vanguard LMG MG42
7%
Vanguard AR Nikkita
7%
Cold War AR Qbz
7%
Modern Warfare Sniper Rytec
7%
Vanguard Sniper Type 99
7%
Vanguard AR AS44
5%
Cold War Tactical Rifles Carv
5%
Vanguard LMG DP27
5%
Modern Warfare SMG Fenecc
5%
Vanguard Marksman G-43
5%
Cold War AR Grav
5%
Vanguard Pistol Klauser
5%
Vanguard Launcher M1 Bazooka
5%
Vanguard Marksman M1 Garand
5%
Modern Warfare LMG M91
5%
Modern Warfare LMG MG34
5%
Modern Warfare Shotgun R9-0 Shotgun
5%
Vanguard Shotgun Revolving
5%
Vanguard Marksman SVT
5%
Vanguard LMG UGM
5%
Vanguard AR Vargo S
5%
Modern Warfare Shotgun VLK
5%
Vanguard LMG Whitley
5%
Vanguard Shotgun Gracy Auto
3%
Vanguard AR Itra Burst
3%
Vanguard Marksman M1916
3%
Cold War Pistol Marshall
3%
Vanguard Launcher Mk11
3%
Vanguard Launcher Panzerschreck
3%
Vanguard Pistol Ratt
3%
Vanguard Pistol Top break
3%
Vanguard LMG Type 11
3%
Cold War Tactical Rifles Type 63
3%
Vanguard AR Volk
3%
Vanguard Pistol Machine pistol
2%
Cold War SMG Tec-9
2%
Cold War AR Vargo 52
2%
Modern Warfare Sniper Drugonov
0%
No matching quizzes found
Score Distribution
Percent of People with Each Score
Percentile by Number Answered
Your Score History
You have not taken this quiz